Annual report of the Secretary-General: international cooperation on humanitarian assistance in the field of natural disasters, from relief to development (Record no. 34444)

MARC details
000 -LEADER
fixed length control field 00816nam a2200145 a 4500
008 - FIXED-LENGTH DATA ELEMENTS--GENERAL INFORMATION
fixed length control field 120813s2011 ||||||||||||||||| || u
050 ## - LIBRARY OF CONGRESS CALL NUMBER
Classification number UNO-OCHA(058)
110 ## - MAIN ENTRY--CORPORATE NAME
Corporate name or jurisdiction name as entry element United Nations Office for the Coordination of Humanitarian Affairs (OCHA)
245 10 - TITLE STATEMENT
Title Annual report of the Secretary-General: international cooperation on humanitarian assistance in the field of natural disasters, from relief to development
Statement of responsibility, etc. by the Office for the Coordination of Humanitarian Affairs [UNO-OCHA]
260 ## - PUBLICATION, DISTRIBUTION, ETC.
Place of publication, distribution, etc. Geneva:
Name of publisher, distributor, etc. UNITED NATIONS
Date of publication, distribution, etc. 2011
300 ## - PHYSICAL DESCRIPTION
Extent 26p.
362 1# - DATES OF PUBLICATION AND/OR SEQUENTIAL DESIGNATION
Dates of publication and/or sequential designation <p>September 2011</p>
650 ## - SUBJECT ADDED ENTRY--TOPICAL TERM
Topical term or geographic name entry element UNITED NATIONS OFFICE FOR THE COORDINATION OF HUMANITARIAN AFFAIRS (OCHA)
995 ## - RECOMMENDATION 995 [LOCAL, UNIMARC FRANCE]
-- CBU-MAIN LIBRARY (Kitwe)
-- 1
-- AVAILABLE
-- Aug 16, 2012
-- International Publications
Holdings
Withdrawn status Lost status Source of classification or shelving scheme Damaged status Not for loan Home library Current library Shelving location Date acquired Total Checkouts Full call number Barcode Date last seen Price effective from Koha item type
          CBU-MAIN LIBRARY, KITWE. CBU-MAIN LIBRARY, KITWE.   11/30/2022   UNO-OCHA(058) B123 11/30/2022 11/30/2022 MONOGRAPH